书目信息 |
| 题名: |
重组
|
|
| 作者: | 陈享光 著 | |
| 分册: | ||
| 出版信息: | 北京 中华工商联合出版社 2000.09 |
|
| 页数: | 241页 | |
| 开本: | 32开 | |
| 丛书名: | 市场经济尖锐话题丛书 | |
| 单 册: | ||
| 中图分类: | F279.2 | |
| 科图分类: | ||
| 主题词: | 企业经济 , 企业经济 | |
| 电子资源: | ||
| ISBN: | 7-80100-687-9 | |
| 000 | 00762nam0 2200253 45 | |
| 001 | 0103090802 | |
| 005 | 20031219104053.2 | |
| 010 | @a7-80100-687-9@dCNY14.00 | |
| 100 | @a20010309d2000 km y0chiy0120 ea | |
| 101 | 0 | @achi |
| 105 | @a z 000yy | |
| 200 | 1 | @a重组@AZhong Zu@e产权与人格@EChan Quan Yu Ren Ge@f陈享光等著@FChen Xiang Guang Deng Zhu |
| 210 | @a北京@c中华工商联合出版社@d2000.09 | |
| 215 | @a241页@d32开 | |
| 225 | @a市场经济尖锐话题丛书@f刘伟主编 | |
| 410 | @12001 @a市场经济尖锐话题丛书 | |
| 410 | @1700 0@a刘伟@ALiu Wei@4主编 | |
| 517 | @a产权与人格@AChan Quan Yu Ren Ge | |
| 606 | 0 | @a企业经济 |
| 606 | 0 | @a企业经济 |
| 690 | @aF279.2 | |
| 701 | 0 | @a陈享光@4著 |
| 801 | @aCN@bTSTC@c20020127 | |
| 905 | @b305817-821@dF279.2@e104@f5 | |
| 重组:产权与人格/陈享光等著.-北京:中华工商联合出版社,2000.09 |
| 241页;32开.-(市场经济尖锐话题丛书/刘伟主编) |
| ISBN 7-80100-687-9:CNY14.00 |
| ● |
| 相关链接 |
|
|
|
|
正题名:重组
索取号:F279.2/104
 
预约/预借
| 序号 | 登录号 | 条形码 | 馆藏地/架位号 | 状态 | 备注 |
| 1 | 0305817 | 203058172 | 第一借阅区/ [索取号:F279.2/104] | 在馆 | |
| 2 | 0305818 | 203058181 | 第一借阅区/ [索取号:F279.2/104] | 在馆 | |
| 3 | 0305819 | 203058190 | 第一借阅区/ [索取号:F279.2/104] | 在馆 | |
| 4 | 0305820 | 203058207 | 第一借阅区/ [索取号:F279.2/104] | 在馆 | |
| 5 | 0305821 | 203058216 | 第一借阅区/ [索取号:F279.2/104] | 在馆 |